Постановление ГКО СССР № 5445 об отгрузке цемента, стекла и кровельных материалов стройкам Наркомата по строительству, с приложе...

RUSMARC
00005281cbm0a2200325#x 450
00112cce297-9290-46da-9d40-0629743ce02a
00520250925121459.0
100##$a20250925j19440321k###0rusy50 ca
1010#$arus
102##$aRU
105##$ay###z########
1220#$ad19440321##
2001#$aПостановление ГКО СССР № 5445 об отгрузке цемента, стекла и кровельных материалов стройкам Наркомата по строительству, с приложением графика отгрузки
$j21 марта 1944 г.
251##$cДокумент
300##$aРассылочный и подлинный экземпляры
461#0$12001
$aФ. 644
$1251
$cФонд
$1852
$j644
462#0$12001
$aОп. 1
$1251
$cОпись
$1852
$j1
60101$2nlr_sh
$3RU\NLR\AUTH\6601614128
$aСССР
$bГосударственный Комитет Обороны
$xИстория
$z1941 - 1945
$jДокументы и материалы
605##$2prlib_sh
$3LIBNET\UAF\0000088514
$aВторая мировая война в архивных документах (Комплекс оцифрованных архивных документов, кино- и фотоматериалов)
$lколлекция
605##$2acquisition_Prlib
$3DITM\AF\0000002775
$aВласть
$lколлекция
6061#$2nlr_sh1
$3RU\NLR\AUTH\66924339
$aПромышленность строительных материалов
$xПланирование
$yСССР
$jДокументы и материалы
6061#$2nlr_sh
$3RU\NLR\AUTH\661280795
$aВеликая Отечественная война
$z1941 - 1945
$xТыл(воен.)
$jДокументы и материалы
6061#$2nlr_sh
$3RU\NLR\AUTH\661323374
$aПромышленность
$xИстория
$yСССР
$z1941 - 1945
$jДокументы и материалы
686##$a63.3(2)622-2ю1
$vLBC/M
$2rubbk
686##$a65.03(2)622ю1
$vLBC/M
$2rubbk
801#0$aRU
$bПБ им. Б.Н. Ельцина
$c20250925
801#1$aRU
$bПБ им. Б.Н. Ельцина
$c20250925
$2rusmarc
801#2$aRU
$bПБ им. Б.Н. Ельцина
$c20250925
$2rusmarc
850##$aРоссийский государственный архив социально-политической истории
852##$aРГАСПИ
$jД. 220. Л. 1-4; Оп. 2. Д. 297. Л. 19-22
035##$aLIBNET\0001500493
937##$d197731569
$hФедеральное архивное агентство
8564#$uhttp://readingroom.main.prlib.ru/item.aspx?id_node=n197731569&mode=full
Формат отображения